| 000 | 00918nam a22003013 4500 | ||
|---|---|---|---|
| 999 |
_c23418 _d23418 |
||
| 001 | vtls000636470 | ||
| 005 | 20221010112049.0 | ||
| 008 | 190423s2019 xo g 000 f slo d | ||
| 020 |
_a9788056904169 _q(viazané) |
||
| 035 | _aa000636470 | ||
| 040 |
_aUKB _bslo _dUKB _erda _csk |
||
| 041 | 0 | _aslo | |
| 044 |
_axo _cSK |
||
| 072 | 7 |
_a821.162.4-3 _xSlovenská próza _2konspekt |
|
| 080 |
_a821.162.4-31 _22011 |
||
| 080 |
_a(0:82-312.4) _22011 |
||
| 100 | 1 |
_aŠimunek, Viliam, _d1962- _4aut _93636 |
|
| 245 | 1 | 0 |
_aPadni, komu padni _cViliam Šimunek |
| 250 | _a1. vydanie | ||
| 264 | 1 |
_aBratislava _bMarenčin PT _c2019 |
|
| 300 | _a254 strán, 1 nečíslovaná strana | ||
| 336 |
_atext _btxt _2rdacontent |
||
| 337 |
_abez média _bn _2rdamedia |
||
| 338 |
_azväzok _bnc _2rdacarrier |
||
| 490 | 1 | _aSlovenské krimi | |
| 655 | 7 |
_aslovenské romány _2UKBPH _91694 |
|
| 655 | 7 |
_adetektívne romány _2UKBPH _91710 |
|